Odd one out: country’s entirely in Europe - Statistics

General Stats
  • This quiz has been taken 25 times
    18 since last reset
  • The average score is 4 of 5
Answer Stats
Question Answer % Correct
With flag is not in Europe?
100%
With flag is not in Europe?
92%
With flag is not in Europe?
83%
With flag is not in Europe?
75%
With flag is not in Europe?
67%
No matching quizzes found
Score Distribution
Percent of People with Each Score
Percentile by Number Answered
Your Score History
You have not taken this quiz since the last reset